Stations de la ligne B du tramway de Grenoble - Statistiques

Statistiques générales
  • Ce quiz a été pris 59 fois
  • Le résultat moyen est 17 sur 22
Statistiques - réponses
Hint Réponse % Correct
A D Victor Hugo
100%
A D E Alsace Lorraine
98%
D Île Verte
94%
D Sainte-Claire - Les Halles
94%
A D SNCF Gares
92%
A D Hubert Dubedout - Maison du Tourisme
92%
C D Université - Les Taillées
92%
C Gabriel Fauré - MUSE
90%
D Notre Dame - Musée
88%
C Université - Bibliothèques
88%
Oxford
86%
A Saint-Bruno
86%
C Université - Condillac
82%
D Hôpital Michallon - Grésivaudan
76%
Gières - Plaine des Sports
74%
D Grand Sablon
70%
D Hôpital Couple Enfant
70%
SNCF Gières Gare - Universités
68%
Palais de Justice
62%
Mayencin - Champ Roman
50%
Marie-Louise Paris - CEA
48%
Cité internationale
44%
Aucun quiz correspondant
Distribution des résultats
% des personnes avec chaque résultat
Percentile par nombre de réponses
Votre historique - résultats
Vous n’avez pas pris ce quiz